000 00370nam a2200145Ia 4500
008 230711s9999||||xx |||||||||||||| ||und||
041 _aENG
082 _a720
_bIC-A
100 _aIchinowatari,Katsuhiko
245 4 _aThe faces of cities and Architecture
250 _a3rd Ed.
260 _c1985
_aLondon
_bButterworth-Heinemann Ltd
650 _aArchitecture
942 _cBK
999 _c301
_d301